<?xml version="1.0" encoding="UTF-8"?>
<record
    xmlns:xsi="http://www.w3.org/2001/XMLSchema-instance"
    xsi:schemaLocation="http://www.loc.gov/MARC21/slim http://www.loc.gov/standards/marcxml/schema/MARC21slim.xsd"
    xmlns="http://www.loc.gov/MARC21/slim">

  <leader>01452    a2200229   4500</leader>
  <controlfield tag="001">21953</controlfield>
  <controlfield tag="005">20260407155509.0</controlfield>
  <controlfield tag="008">260407a2006    arg                 spa d</controlfield>
  <controlfield tag="003">AR-UNSa-BCEJYS</controlfield>
  <datafield tag="040" ind1=" " ind2=" ">
    <subfield code="a">AR-UNSa-BCEJYS</subfield>
    <subfield code="b">spa</subfield>
    <subfield code="c">AR-UNSa-BCEJYS</subfield>
  </datafield>
  <datafield tag="080" ind1=" " ind2=" ">
    <subfield code="a">657.3</subfield>
    <subfield code="x">Presupuestos. Cierre de Cuentas. Balances (Estados Contables)</subfield>
  </datafield>
  <datafield tag="245" ind1="1" ind2="0">
    <subfield code="a">Estados contables</subfield>
    <subfield code="p">presentaci&#xF3;n interpretaci&#xF3;n y an&#xE1;lisis</subfield>
  </datafield>
  <datafield tag="020" ind1=" " ind2=" ">
    <subfield code="a">978-987-01-0559-6</subfield>
  </datafield>
  <datafield tag="250" ind1=" " ind2=" ">
    <subfield code="a">4a. ed</subfield>
  </datafield>
  <datafield tag="264" ind1=" " ind2="1">
    <subfield code="a">Buenos Aires :</subfield>
    <subfield code="b">Errepar</subfield>
    <subfield code="c">2006</subfield>
  </datafield>
  <datafield tag="300" ind1=" " ind2=" ">
    <subfield code="a">335 p.</subfield>
    <subfield code="c">21 cm.</subfield>
  </datafield>
  <datafield tag="505" ind1=" " ind2=" ">
    <subfield code="a">1. Contenido y metodolog&#xED;a de la obra - 2. Introducci&#xF3;n a la teor&#xED;a contable: Normas de medici&#xF3;n - 3. Introducci&#xF3;n a la teor&#xED;a contable: Normas de exposici&#xF3;n.ajustes extracontables para el an&#xE1;lisis - 4. Los estados de cambios en la posici&#xF3;n financiera de las empresas - 5. Tipos de an&#xE1;lisis con estados contables - 6. Caso base de an&#xE1;lisis de estados contables - 7. Prestaci&#xF3;n de informes sobre el an&#xE1;lisis de los estados contables - 8. Calificaciones vinculadas con cr&#xE9;ditos bancarios y compa&#xF1;&#xED;as de seguros - 9. Calificaciones de riesgo por la compra de t&#xED;tulos de valores(acciones y obligaciones negociables)en oferta p&#xFA;blica.</subfield>
  </datafield>
  <datafield tag="942" ind1=" " ind2=" ">
    <subfield code="c">BK</subfield>
  </datafield>
  <datafield tag="590" ind1=" " ind2=" ">
    <subfield code="a">niveau_biblio:m niveau_hierar:0</subfield>
  </datafield>
  <datafield tag="100" ind1="1" ind2=" ">
    <subfield code="a">Biondi, Mario</subfield>
  </datafield>
  <datafield tag="856" ind1="4" ind2="1">
    <subfield code="u">https://biblioeco.unsa.edu.ar/pmb/images/libros/Estados contables presentacion, interpretacion y analisis-l116308.jpg</subfield>
    <subfield code="y">Imagen de portada</subfield>
    <subfield code="q">image/jpeg</subfield>
  </datafield>
  <datafield tag="999" ind1=" " ind2=" ">
    <subfield code="c">873</subfield>
    <subfield code="d">873</subfield>
  </datafield>
  <datafield tag="952" ind1=" " ind2=" ">
    <subfield code="0">0</subfield>
    <subfield code="1">0</subfield>
    <subfield code="4">0</subfield>
    <subfield code="7">0</subfield>
    <subfield code="a">BCEJYS</subfield>
    <subfield code="b">BCEJYS</subfield>
    <subfield code="c">16</subfield>
    <subfield code="d">2026-04-07</subfield>
    <subfield code="l">0</subfield>
    <subfield code="o">657.3 B615e 4ed.</subfield>
    <subfield code="p">L116311</subfield>
    <subfield code="r">2026-04-07 15:55:09</subfield>
    <subfield code="w">2026-04-07</subfield>
    <subfield code="y">L</subfield>
    <subfield code="z">SUBRAYADO C/ L&#xC1;PIZ - CANTO H&#xDA;MEDO - RESALTADOR LEVE EN P&#xC1;G. 204 Y 216 </subfield>
  </datafield>
  <datafield tag="952" ind1=" " ind2=" ">
    <subfield code="0">0</subfield>
    <subfield code="1">0</subfield>
    <subfield code="4">0</subfield>
    <subfield code="7">0</subfield>
    <subfield code="a">BCEJYS</subfield>
    <subfield code="b">BCEJYS</subfield>
    <subfield code="c">16</subfield>
    <subfield code="d">2026-04-07</subfield>
    <subfield code="l">0</subfield>
    <subfield code="o">657.3 B615e 4ed.</subfield>
    <subfield code="p">L116315</subfield>
    <subfield code="r">2026-04-07 15:55:09</subfield>
    <subfield code="w">2026-04-07</subfield>
    <subfield code="y">L</subfield>
    <subfield code="z">1RAS HOJAS H&#xDA;MEDAS Y MANCHADAS - CANTO SUPERIOR MANCHADO C/ ROJO - &#xCD;NDICE C/ L&#xC1;PIZ - P&#xC1;G. 24 LAPICERA AZUL - P&#xC1;G. 186 A 194 MANCHADO LEVE - &#xDA;LTIMAS 3 HOJAS DA&#xD1;ADAS </subfield>
  </datafield>
  <datafield tag="952" ind1=" " ind2=" ">
    <subfield code="0">0</subfield>
    <subfield code="1">0</subfield>
    <subfield code="4">0</subfield>
    <subfield code="7">0</subfield>
    <subfield code="a">BCEJYS</subfield>
    <subfield code="b">BCEJYS</subfield>
    <subfield code="c">16</subfield>
    <subfield code="d">2026-04-07</subfield>
    <subfield code="l">0</subfield>
    <subfield code="o">657.3 B615e 4ed.</subfield>
    <subfield code="p">L116317</subfield>
    <subfield code="r">2026-04-07 15:55:09</subfield>
    <subfield code="w">2026-04-07</subfield>
    <subfield code="y">L</subfield>
    <subfield code="z">2DA HOJA C/ CORRECTOR - L&#xC1;PIZ MUY LEVE - P&#xC1;G. 159, 308, 314, 317, 326 Y 327 RAYADA C/ LAPICERA NEGRA - H&#xDA;MEDO EN LOS CANTOS LATERALES - P&#xC1;G. 252 MANCHADA - &#xDA;LTIMA DA&#xD1;ADA </subfield>
  </datafield>
  <datafield tag="952" ind1=" " ind2=" ">
    <subfield code="0">0</subfield>
    <subfield code="1">0</subfield>
    <subfield code="4">0</subfield>
    <subfield code="7">0</subfield>
    <subfield code="a">BCEJYS</subfield>
    <subfield code="b">BCEJYS</subfield>
    <subfield code="c">16</subfield>
    <subfield code="d">2026-04-07</subfield>
    <subfield code="l">0</subfield>
    <subfield code="o">657.3 B615e 4ed.</subfield>
    <subfield code="p">L116308</subfield>
    <subfield code="r">2026-04-07 15:55:09</subfield>
    <subfield code="w">2026-04-07</subfield>
    <subfield code="y">L</subfield>
    <subfield code="z">MANCHADO P&#xC1;G. 58, 167 Y 168 - SUBRAYADO C/ L&#xC1;PIZ - &#xCD;NDICE SUBRAYADO C/ L&#xC1;PIZ MORADO P&#xC1;G. 181 A 191 - SUBRAYADO LEVE C/ FIBRA NEGRA</subfield>
  </datafield>
  <datafield tag="952" ind1=" " ind2=" ">
    <subfield code="0">0</subfield>
    <subfield code="1">0</subfield>
    <subfield code="4">0</subfield>
    <subfield code="7">0</subfield>
    <subfield code="a">BCEJYS</subfield>
    <subfield code="b">BCEJYS</subfield>
    <subfield code="c">16</subfield>
    <subfield code="d">2026-04-07</subfield>
    <subfield code="l">0</subfield>
    <subfield code="o">657.3 B615e 4ed.</subfield>
    <subfield code="p">L116316</subfield>
    <subfield code="r">2026-04-07 15:55:09</subfield>
    <subfield code="w">2026-04-07</subfield>
    <subfield code="y">L</subfield>
    <subfield code="z">MANCHA P&#xC1;G. 113, 165 A 170 - SUBRAYADO C/ L&#xC1;PIZ LEVE - &#xDA;LTIMA HOJA ARRUGADA - CANTO SUCIO - H&#xDA;MEDO PARTE INFERIOR </subfield>
  </datafield>
  <datafield tag="952" ind1=" " ind2=" ">
    <subfield code="0">0</subfield>
    <subfield code="1">0</subfield>
    <subfield code="4">0</subfield>
    <subfield code="7">0</subfield>
    <subfield code="a">BCEJYS</subfield>
    <subfield code="b">BCEJYS</subfield>
    <subfield code="c">16</subfield>
    <subfield code="d">2026-04-07</subfield>
    <subfield code="l">0</subfield>
    <subfield code="o">657.3 B615e 4ed.</subfield>
    <subfield code="p">L116314</subfield>
    <subfield code="r">2026-04-07 15:55:09</subfield>
    <subfield code="w">2026-04-07</subfield>
    <subfield code="y">L</subfield>
    <subfield code="z">CANTO LATERAL MANCHADO - L&#xC1;PIZ LEVE P&#xC1;G. 310 A 321 - FL&#xDA;OR VERDE P&#xC1;G. 19 A 22</subfield>
  </datafield>
  <datafield tag="952" ind1=" " ind2=" ">
    <subfield code="0">0</subfield>
    <subfield code="1">0</subfield>
    <subfield code="4">0</subfield>
    <subfield code="7">0</subfield>
    <subfield code="a">BCEJYS</subfield>
    <subfield code="b">BCEJYS</subfield>
    <subfield code="c">16</subfield>
    <subfield code="d">2026-04-07</subfield>
    <subfield code="l">0</subfield>
    <subfield code="o">657.3 B615e 4ed.</subfield>
    <subfield code="p">L116309</subfield>
    <subfield code="r">2026-04-07 15:55:09</subfield>
    <subfield code="w">2026-04-07</subfield>
    <subfield code="y">L</subfield>
    <subfield code="z">SELLO H&#xDA;MEDO - HOJAS MANCHADAS - SUBRAYADO C/ L&#xC1;PIZ </subfield>
  </datafield>
  <datafield tag="952" ind1=" " ind2=" ">
    <subfield code="0">0</subfield>
    <subfield code="1">0</subfield>
    <subfield code="4">0</subfield>
    <subfield code="7">0</subfield>
    <subfield code="a">BCEJYS</subfield>
    <subfield code="b">BCEJYS</subfield>
    <subfield code="c">16</subfield>
    <subfield code="d">2026-04-07</subfield>
    <subfield code="l">0</subfield>
    <subfield code="o">657.3 B615e 4ed.</subfield>
    <subfield code="p">L116312</subfield>
    <subfield code="r">2026-04-07 15:55:09</subfield>
    <subfield code="w">2026-04-07</subfield>
    <subfield code="y">L</subfield>
    <subfield code="z">P&#xC1;G. 21 MANCHADA - &#xDA;LTIMA HOJA DA&#xD1;ADA - SUBRAYADO C/ L&#xC1;PIZ - CANTO UN POCO SUCIO </subfield>
  </datafield>
  <datafield tag="952" ind1=" " ind2=" ">
    <subfield code="0">0</subfield>
    <subfield code="1">0</subfield>
    <subfield code="4">0</subfield>
    <subfield code="7">0</subfield>
    <subfield code="a">BCEJYS</subfield>
    <subfield code="b">BCEJYS</subfield>
    <subfield code="c">16</subfield>
    <subfield code="d">2026-04-07</subfield>
    <subfield code="l">0</subfield>
    <subfield code="o">657.3 B615e 4ed.</subfield>
    <subfield code="p">L116310</subfield>
    <subfield code="r">2026-04-07 15:55:09</subfield>
    <subfield code="w">2026-04-07</subfield>
    <subfield code="y">L</subfield>
    <subfield code="z">H&#xDA;MEDO - MANCHA P&#xC1;G. 54, 202, 203, 316 Y 317 - MANCHA ROJA P&#xC1;G. 304 Y 305 - ESCRITO Y SUBRAYADO C/ L&#xC1;PIZ - LAPICERA NEGRA P&#xC1;G. 166 Y 167</subfield>
  </datafield>
</record>
